000 00551nam a22001577a 4500
003 OSt
005 20151117161115.0
008 151117b xxu||||| |||| 00| 0 eng d
040 _cRUA
082 _aFIS ហ៊ឹង 1993 B151 Or.1
100 _93821
_aហ៊ឹង ​សុផានណារិទ្ធ
245 _aការធ្វើនេសាតគ្រួសារនៅស្រុកព្រៃនប់ ក្រុងព្រះសីហនុ
260 _aPhnom Penh
_bRUA
_c1993
300 _a154p.
_bill.
_c29cm.
942 _2ddc
_cFIS
999 _c3554
_d3554